Responses for show #791 - Monday, February 1, 1988

Barbara-Anne Eddy game 1.
Final Jeopardy! logo flashes on the game board's monitors instead of the show's logo.

Contestants

[<< previous game]

Jim Costello, a high school English teacher from Long Beach, California

Barbara-Anne Eddy, a freelance researcher from Vancouver, Canada

Judy Flannery, a homemaker from Eugene, Oregon (whose 1-day cash winnings total $10,800)

[next game >>]

Jeopardy! Round responses

PARIS
PETES & PETERS
PUNS
POTENT POTABLES
POETRY
POTPOURRI
(Alex: And if you get the impression that we've fallen into a vat of "P"s, you're absolutely right!)
    $100 3
Left and Right Banks

Barbara-Anne
    $100 1
Pete Rose

Barbara-Anne
    $100 2
Bugs Bunny

Judy
    $100 10
beers

Jim
    $100 14
Wednesday

Barbara-Anne
    $100 18
(Alex: Ok, or any kind of letter, as a matter-of-fact.)

business letter

Jim
    $500 4
(Alex: Played exactly the same way in Paris as it is here.)

Wheel of Fortune

Barbara-Anne
    $200 8
Peter Max

Jim
    $200 24
soap

Jim
    $200 11
wines/winemakers

Judy
    $200 15
green

Barbara-Anne
    $200 19
6

Barbara-Anne
    $300 5
the Eiffel Tower

Barbara-Anne
    $300 9
Peter Peter Pumpkin Eater

Barbara-Anne
    $300 25
toilet tissue

Barbara-Anne
    $300 16
the poppies

Jim
    $300 21
(Jim: What is Spanish?)
...
(Alex: We've got a minute to go.)

Italian

JudyJim
    $400 6
Orly

Jim
    $400 12
(Barbara-Anne: Who is Peter Gabriel?)

Peter Cetera

Barbara-Anne
Triple Stumper
    $400 26
(Barbara-Anne: What are measles?)

chickenpox

Barbara-AnneJim
    $400 17
"Boots"

Barbara-Anne
    $400 22
(Jim: What is baking soda?)

baking powder

Barbara-AnneJim
    $500 7
Arc de Triomphe

Jim
    $500 13
Peter Holm

Jim
    $500 27
[end-of-round signal sounds]

"'Tap'ped out"

Triple Stumper
    $500 20
"Sonnets from the Portuguese"

Barbara-Anne
    $500 23
postmaster general

Barbara-Anne

Scores at the first commercial break (after clue 11):

Judy Barbara-Anne Jim
$300 $1,300 $1,200

Scores at the end of the Jeopardy! Round:

Judy Barbara-Anne Jim
$600 $3,100 $2,000

Double Jeopardy! Round responses

PRESIDENTS
(Alex: Once again, we've got a lot of "P"s.)
PROVERBS
PREHISTORIC TIMES
PBS
PULITZER PRIZE PLAYS
PHYSICS
    $1,000 1
(Judy: Who is Lyndon Baines Johnson?)
(Alex: Oh no, sorry. You forgot about [*], who came after. Alright Judy, you're at -$400, and you retain control of the board. Go again.)

Gerald Ford

Judy
    $200 22
(Alex: We've got about a minute to go.)

"Out of sight..."

Jim
    $200 6
(Barbara-Anne: What is land?)

sea

Barbara-AnneJim
    $200 8
"Live"

Jim
    $200 14
"A Chorus Line"

Jim
    $200 18
(Judy: What is [*] for Physics?)

the Nobel Prize

Judy
    $400 2
Woodrow Wilson

Judy
    $400 23
"the company"

Judy
    $400 7
reindeer

Judy
    $2,500 10
(Barbara-Anne: What is "Masterpiece Theatre"?)
(Alex: Oh sorry. If you had thought about the children being up and watching in the morning, you would've perhaps thought of [*].)
[Barbara-Anne mouths the correct response.]
(Alex: Alright, that knocks you down to $1,000; start building again.)

"Sesame Street"

Barbara-Anne
    $400 15
Edward Albee

Barbara-Anne
    $400 27
(electric) current

Barbara-Anne
    $600 3
(Judy: Who is... uh, uh, McKinley?)

Grover Cleveland

JudyJim
    $600 24
"flies"

Barbara-Anne
    $600 9
carbon-dating

Barbara-Anne
    $600 11
"Captain Kangaroo"

Barbara-Anne
    $600 16
Anne Frank

Judy
    $600 28
[End-of-round signal sounds.]

the speed of light

Barbara-Anne
    $800 4
(Dwight) Eisenhower & Lyndon (Baines) Johnson

Jim
    $800 25
"...falls far from the tree"

Jim
    $800 19
the Peking Man

Judy
    $800 12
Bill Moyers

Judy
    $800 17
"A Streetcar Named Desire"

Jim
    $1000 5
William Howard Taft

Jim
    $1000 26
"a pen"

Barbara-Anne
    $1000 20
(Jim: What is the Cro-Magnon Man?)
(Barbara-Anne: What is Australopithecus?)
...
(Alex: According to the experts, it was [*]. But Judy, we go back to you.)

Homo-Erectus

Barbara-AnneJim
Triple Stumper
    $1000 13
WGBH

Barbara-Anne
    $1000 21
"How to Succeed in Business without Really Trying"

Barbara-Anne

Scores at the end of the Double Jeopardy! Round:

Judy Barbara-Anne Jim
$2,600 $5,600 $5,800

[wagering suggestions for these scores]

Final Jeopardy! Round responses

POP MUSIC
(Alex: [To Judy, as she shakes her head] Well, he's a pop artist and he's certainly successful, but he is not the right response.)
...
(Alex: [To Barbara-Anne] You remember The Beatles, Wings, 2 duet al--duet numbers, and 1 solo for a total of 29. How much did you bet? [Barbara-Anne mouths "Everything" as her wager is revealed.] You're gonna double it and go to $11,200.)
JudyWho is Phil Collins?
$2,600
Barbara-AnneWho is Paul McCartney?
$5,600
JimWho is Willie Nelson?
$5,500
Paul McCartney

Final scores:

Judy Barbara-Anne Jim
$0 $11,200 $300
3rd place: a Vita-Vac vaccum cleaner New champion: $11,200 2nd place: a Roper range + Regal cookware

Game dynamics:

Coryat scores:

Judy Barbara-Anne Jim
$3,600 $7,800 $5,800
10 R,
2 W
(including 1 DD)
22 R
(including 1 DD),
5 W
(including 1 DD)
18 R,
3 W

Combined Coryat: $17,200

The J! Archive is created by fans, for fans. The Jeopardy! game show and all elements thereof, including but not limited to copyright and trademark thereto, are the property of Jeopardy Productions, Inc. and are protected under law. This website is not affiliated with, sponsored by, or operated by Jeopardy Productions, Inc. Join the discussion at JBoard.tv.